Classical mechanics: point particles and relativity

Uloženo v:
Podrobná bibliografie
Hlavní autor: Greiner, Walter (Autor)
Médium: Kniha
Jazyk:angličtina
Vydáno: Nueva York Springer 2004
Vydání:1a. ed
Edice:Classical Theoretical Physics
Témata:
Tagy: Přidat tag
Žádné tagy, Buďte první, kdo vytvoří štítek k tomuto záznamu!

MARC

LEADER 00000cam a2200000 a 4500
001 UCL9107
003 CL-VaPUC
008 040723e20040000US |||||||||||||||||eng|d
020 |a 0387955860 
082 0 4 |a 531  |b GRE  |2 21 
100 |a Greiner, Walter  |e author  |9 578810 
245 1 0 |a Classical mechanics: point particles and relativity 
250 |a 1a. ed 
300 |a 488 p 
942 |c BK 
945 |d 20040723 00:00:00  |a cmena 
260 |a Nueva York  |b Springer  |c 2004 
500 |a Proyecto MECESUP 
650 0 |a Mecánica clásica  |9 368211 
650 0 |a Cinemática  |9 260942 
650 0 |a Física matemática   |9 260981 
583 |a last modification  |c 20171031 11:00:26  |k Rodrigo Vera 
490 0 |a Classical Theoretical Physics 
999 |c 310073  |d 310071 
952 |0 0  |1 0  |3 erb  |4 0  |6 531_000000000000000_GRE_2004  |7 0  |8 A  |9 378136  |a BIBCUR  |b BIBCUR  |i 5142687  |l 2  |o 531 GRE 2004  |p 5142687  |r 2025-04-22  |s 2022-04-26  |w 2019-11-21  |y BK  |z Catalogado en:20150326  |k FIS 
952 |0 0  |1 0  |2 ddc  |4 0  |6 531_000000000000000_GRE_2004  |7 0  |8 A  |9 378137  |a BIBCUR  |b BIBCUR  |d 2019-11-21  |i 4040406  |o 531 GRE 2004  |p 4040406  |r 2025-04-22  |w 2019-11-21  |x jtorres  |y BK  |k FIS